Music Quiz

Random Music or Lyrics Quiz

Stihovi pesme Zoran Kulina - Gari garo Quiz Stats

 Plays Quiz not verified by Sporcle

Support Sporcle.
Go Orange.
Score 0/131 Timer 20:00
0 Plays Today
Answer % Correct
Ja sam Ratko koji svira kratko
75%
plati, druže, da sviramo duže
75%
Gari garo, što garila nisi
62.5%
svoju babu i njega, barabu
62.5%
obori momak do zore
50%
Op, mala bosonoga
50%
Op, mala bosonoga
50%
Op, mala bosonoga
50%
Op, mala bosonoga
50%
i mene si garila nekada
37.5%
kako živiš bez onoga
37.5%
kako živiš bez onoga
37.5%
lole garavoga
37.5%
kako živiš bez onoga
37.5%
kako živiš bez onoga
37.5%
lole garavoga
37.5%
kako živiš bez onoga
37.5%
kako živiš bez onoga
37.5%
lole garavoga
37.5%
ja ću sebi plavušu dovesti
37.5%
kako živiš bez onoga
37.5%
kako živiš bez onoga
37.5%
lole garavoga
37.5%
Od Topole pa do Ravne Gore
37.5%
Garo, garo, ne volim te više
25%
garo, garo, hvala ti k’o sestri
25%
triput si me ljubila Dobrila
25%
Opa liči, liči, liči
25%
da te čiča kalajiše
25%
primakni se, mala, čiči
25%
od koljena pa naviše
25%
da bi htjela da idemo preko
25%
Opa liči, liči, liči
25%
primakni se, mala, čiči
25%
da te čiča kalajiše
25%
od koljena pa naviše
25%
ljubio sam curice do zore
25%
kaži, baba, đe unuka spava
25%
da baraba kuću ne obara
25%
Opa liči, liči, liči
25%
primakni se, mala, čiči
25%
da te čiča kalajiše
25%
od koljena pa naviše
25%
volim plave, crne i garave
25%
Answer % Correct
Opa liči, liči, liči
25%
primakni se, mala, čiči
25%
da te čiča kalajiše
25%
od koljena pa naviše
25%
gari garo, koga hoće sada
12.5%
Čim, curice, gariš obrvice
12.5%
garim garom, lolinom cigarom
12.5%
Koran, Pale, Mokro, Vlasenica
12.5%
tu se moja gari lepotica
12.5%
nećeš više da si me rodila
12.5%
imam volju da promenim boju
12.5%
miran budi, lezi mi na grudi
12.5%
Evo brke koji voli mrke
12.5%
kafe piti, a ne šećeriti
12.5%
u šta si se zagledala, mala
12.5%
Vidi ti se na očima, seko
12.5%
lijepo ti je uz tarabu, seko
12.5%
srce kuca, a taraba puca
12.5%
Ja sam iš’o i opet ću ići
12.5%
smeđe, riđe i sve sto naiđe
12.5%
Ja sam lola, svi me dobro znate
12.5%
pa vas molim da me ne dirate
12.5%
Hej, hej, konobaru
12.5%
donesi mi štok
12.5%
hoću da se napijem
12.5%
da zaigram rok
12.5%
volim piti, volim zagalamit’
12.5%
da ga vidim, ko će mi zabranit’
12.5%
Hej, hej, konobaru
12.5%
donesi mi štok
12.5%
hoću da se napijem
12.5%
da zaigram rok
12.5%
‘Ajmo, brale, sokolovačkom kraju
12.5%
još se cure milovati daju
12.5%
odbij tamo, ne prilaz’te nama
12.5%
pobiće vas lole vrljikama
12.5%
Hej, hej, konobaru
12.5%
donesi mi štok
12.5%
hoću da se napijem
12.5%
da zaigram rok
12.5%
Milicijo, oružana silo
12.5%
lola radi što je njemu milo
12.5%
milicijo, stanice Soko’ca
12.5%
gdje je pištolj, pokojneg mi oca
12.5%
Answer % Correct
Hej, hej, konobaru
12.5%
donesi mi štok
12.5%
hoću da se napijem
12.5%
da zaigram rok
12.5%
Kad šoferi voze na daleko
12.5%
svaku curu oni zovu seko
12.5%
Ja sam majstor Bata
12.5%
dođi, dođi, curice, to barabe vole
12.5%
imam tri zanata
12.5%
četvrti je dio mene
12.5%
volim lijepe žene
12.5%
Poznaje se koja ljubi slatko
12.5%
Ja sam majstor Bata
12.5%
imam tri zanata
12.5%
četvrti je dio mene
12.5%
volim lijepe žene
12.5%
Kad zasvira Ladina sirena
12.5%
mnogi ljudi ostaju bez žena
12.5%
niko ne zna k’o cura Milanka
12.5%
kako vozi Lada specijalka
12.5%
Ja sam majstor Bata
12.5%
imam tri zanata
12.5%
četvrti je dio mene
12.5%
volim lijepe žene
12.5%
Ja sam majstor Bata
12.5%
imam tri zanata
12.5%
četvrti je dio mene
12.5%
volim lijepe žene
12.5%
Vedro nebo, ja bi’ garo leg’o
0%
u čičine velike brčine
0%
tuđoj zeni, pa šta bude meni
0%
sve sam svoje popio i prod’o
0%
mila majko, u barabe odo
0%
Sinoć moga ubiše kolegu
0%
da se više barabe ne legu
0%
suknja kratka, a nogice gole
0%
suknja kratka, a koljena glatka
0%
svi šoferi vole svoje žene
0%
a vozaju curice malene
0%
Volim, Lado, tvoju bijelu boju
0%
voziš mene i curicu moju
0%
ode Lada, moja curo mlada
0%
gdje ćemo se milovati sada
0%

You're not logged in!

Compare scores with friends on all Sporcle quizzes.
OR
Log In

From the Vault

The Hungary Quiz

by hjani

Hungary for knowledge?
Remove Ads.
Support Sporcle.
Get the best of Sporcle when you Go Orange. This ad-free experience offers more features, more stats, and more fun while also helping to support Sporcle. Thank you for becoming a member.

Show Comments

Extras

Top Quizzes Today


Score Distribution

Your Account Isn't Verified!

In order to create a playlist on Sporcle, you need to verify the email address you used during registration. Go to your Sporcle Settings to finish the process.

Report this User

Report this user for behavior that violates our Community Guidelines.

Details: